000 00207nam a2200097Ia 4500
008 220204s9999 xx 000 0 und d
082 _a82-3
_bKRI
100 _aKrishan Shah
245 0 _aShalimar
942 _cBK
999 _c29295
_d29295